The Ciba Collection Of Medical Illustrations: Volume 8 (Record no. 3407)
| 000 -LEADER | |
|---|---|
| fixed length control field | 00616nam a22001697a 4500 |
| 003 - CONTROL NUMBER IDENTIFIER | |
| control field | OSt |
| 005 - DATE AND TIME OF LATEST TRANSACTION | |
| control field | 20260221142436.0 |
| 008 - FIXED-LENGTH DATA ELEMENTS--GENERAL INFORMATION | |
| fixed length control field | 251208b |||||||| |||| 00| 0 eng d |
| 020 ## - INTERNATIONAL STANDARD BOOK NUMBER | |
| International Standard Book Number | 0914168150 |
| 040 ## - CATALOGING SOURCE | |
| Transcribing agency | Outspan Global University |
| 050 ## - LIBRARY OF CONGRESS CALL NUMBER | |
| Classification number | QM 25 |
| Item number | .N4721991 |
| 100 ## - MAIN ENTRY--PERSONAL NAME | |
| Personal name | Frank H. Netter |
| Relator term | Author |
| 245 ## - TITLE STATEMENT | |
| Title | The Ciba Collection Of Medical Illustrations: Volume 8 |
| Statement of responsibility, etc. | by Netter Frank H. |
| Remainder of title | Musculoskeletal System (Part II: Developmental Disorders, Tumors, Rheumatic Diseases, And Joint Replacement) |
| 260 ## - PUBLICATION, DISTRIBUTION, ETC. | |
| Name of publisher, distributor, etc. | W.B. Saunders Company |
| Date of publication, distribution, etc. | c1991 |
| Place of publication, distribution, etc. | United States Of America |
| 300 ## - PHYSICAL DESCRIPTION | |
| Extent | 276p |
| 942 ## - ADDED ENTRY ELEMENTS (KOHA) | |
| Source of classification or shelving scheme | Library of Congress Classification |
| Koha item type | Books |
| Suppress in OPAC | No |
| Withdrawn status | Lost status | Source of classification or shelving scheme | Damaged status | Not for loan | Home library | Current library | Shelving location | Date acquired | Total checkouts | Full call number | Barcode | Date last seen | Price effective from | Koha item type |
|---|---|---|---|---|---|---|---|---|---|---|---|---|---|---|
| Library of Congress Classification | Main Campus | 2nd Floor Main Library | General stacks | 12/08/2025 | QM 25.N472 1991 | 103767 | 12/08/2025 | 12/08/2025 | Books |
